| 000 | 00000nam 2200000zi 4500 |
| 001 | 9.926441 |
| 003 | CaOODSP |
| 005 | 20250312074010 |
| 006 | m o d f |
| 007 | cr |n||||||||| |
| 008 | 230822e202309 onc o f000 0 fre d |
| 020 | |a9780660675923 |
| 040 | |aCaOODSP|bfre|erda|cCaOODSP |
| 043 | |an-cn--- |
| 086 | 1 |aH164-354/2023F-PDF |
| 245 | 00|aÉbauche des lignes directrices préalables à la mise en marché pour les instruments médicaux fondés sur l'apprentissage machine. |
| 264 | 1|aOttawa (Ontario) : |bSanté Canada = Health Canada, |cseptembre 2023. |
| 264 | 4|c©2023 |
| 300 | |a1 ressource en ligne (18 pages) |
| 336 | |atexte|btxt|2rdacontent/fre |
| 337 | |ainformatique|bc|2rdamedia/fre |
| 338 | |aressource en ligne|bcr|2rdacarrier/fre |
| 500 | |aPublié aussi en anglais sous le titre : Draft guidance document: pre-market guidance for machine learning-enabled medical devices. |
| 650 | 6|aMeĢdecine|xAppareils et instruments|xPolitique gouvernementale|zCanada. |
| 650 | 6|aApprentissage automatique|xPolitique gouvernementale|zCanada. |
| 710 | 1 |aCanada. |bSanté Canada, |eorganisme de publication. |
| 775 | 08|tDraft guidance document : |w(CaOODSP)9.926440 |
| 856 | 40|qPDF|s709 Ko|uhttps://publications.gc.ca/collections/collection_2023/sc-hc/H164-354-2023-fra.pdf |
| 856 | 4 |qHTML|sS.O.|uhttps://www.canada.ca/fr/sante-canada/services/medicaments-produits-sante/instruments-medicaux/information-demandes/lignes-directrices/prealables-mise-marche-instruments-medicaux-fondes-apprentissage-machine.html |